000 01085cam a2200313 i 4500
001 bg
003 KOSZ 005
005 20210917085716.0
008 000103s2000 pl a f f |000 0 pol
015 _aPB 2000/231
020 _a8320812402
040 _aWA N
_cKOSZ 005/HR
_dKOSZ 005/HR
080 _a657.05
080 _a658.14/.17
080 _a(075.8)
100 1 _aGabrusewicz, Wiktor
_d(1943- )
_eAutor
245 1 0 _aRachunkowość zarządcza /
_cWiktor Gabrusewicz, Aldona Kamela-Sowińska, Helena Poetschke.
250 _aWyd. 2 zm.
260 _aWarszawa :
_bPolskie Wydaw. Ekonomiczne,
_c2000.
300 _a385, [3] s. :
_bil. ;
_c24 cm.
504 _aBibliogr.
655 4 _aPodręczniki akademickie
650 4 _aRachunkowość zarządcza
700 1 _aPoetschke, Helena.
_eAutor
700 1 _aKamela-Sowińska, Aldona
_d(1950- )
_eAutor
710 2 _aPolskie Wydawnictwo Ekonomiczne
_4pbl.
856 _uhttp://koha.tu.koszalin.pl/cgi-bin/koha/opac-detail.pl?biblionumber=40193
_zKatalog online BPK
942 _2UKD
_cKS
999 _c40193
_d40193